000 00439nam a2200193Ia 4500
005 20251020182553.0
008 200515s9999 xx 000 0 und d
082 _aR/682.10/E24/1
110 _aEdiciones Daly
245 0 _aCarpintería metálica : generalidades y escaleras
260 _aMadrid
260 _cs.a.
300 _a160
650 _aALUMINIO
650 _aESCALERAS
650 _aLIB
650 _aPVC
942 _cLIB
999 _c2808
_d2808